| 000 | 00403nam a2200121Ia 4500 | ||
|---|---|---|---|
| 008 | 200908s9999 xx 000 0 und d | ||
| 020 | _a978-971-98-0511-3 | ||
| 100 | _aValdez, Eduardo Victor J. | ||
| 245 |
_cEduardo Victor J. Valdez _aTaxation law/ |
||
| 260 |
_aQuezon City: _bC and E Publishing, Inc. _c2016 |
||
| 300 |
_axi, 419 pages _c22 cm. |
||
| 650 | _aTaxation --law and legislation -- Philippines | ||
| 999 |
_c364131 _d364131 |
||